01327cam a22002771 450000100060000000300080000600500170001400800410003103500190007203500180009104000370010904100080014608200250015410000380017924502040021726000600042130000260048149000290050750000380053665000320057494200120060699900170061895201350063595201350077095201440090542510BD-RjUL20211209053542.0160613r19541943xx 000 0 eng  a(BD-RjUL)42628 a(OCoLC)968670 aDLCcTxU-DadDLCd(BD-RjUL)beng aeng a330.1bMCB 1943-19541 aMcConnell, John W.d1907-913074110aBasic teachings of the great economists :bsummaries of the ideas and the theories of Malthus , Adam Smith, Henry George, Karl Max, Veblen, Keynes and other famous Economists/c by McConnell, John W. aNew York :bBarnes & Noble,cc1943 [reprint 1947-1954]  axiii, 367 p. ;c21 cm0 aEveryday handbook series a"Biographical notes": p. 343-361. 0aEconomicsxHistory.9126593 2ddccBK c42510d42510 00102ddc40708NFICaRUCLbRUCLcStackd1958-11-06eAsia Foundationl0o330.1 MCB 1954r2016-06-13 00:00:00tC-2w2021-12-09yBK 00102ddc40708NFICaRUCLbRUCLcStackd1958-11-06eAsia Foundationl0o330.1 MCB 1954r2016-06-13 00:00:00tC-3w2016-06-13yBK 00102ddc40718NFICaRUCLbRUCLcReadingd1956-03-09ePab. United ltd.g6.88l0o330.1 MCB 1943r2016-09-23 00:00:00tC-1w2021-12-09yBK